[Event "GRE-chT Online Rapid op 1st"]
[Site "Tornelo INT"]
[Date "2021.02.21"]
[Round "8.8"]
[White "Kadianis, Georgios"]
[Black "Chasouraki, Chrysi"]
[Result "1-0"]
[WhiteElo "2061"]
[BlackElo "1336"]
[PlyCount "41"]
[EventDate "2021.02.20"]
[EventType "team-swiss (rapid)"]
[EventRounds "9"]
[EventCountry "GRE"]
[SourceTitle "EXT 2023"]
[Source "ChessBase"]
[SourceDate "2022.10.05"]
[SourceVersion "1"]
[SourceVersionDate "2022.10.05"]
[SourceQuality "1"]

1. e4 c5 2. Nf3 e6 3. d4 cxd4 4. Nxd4 Nf6 5. Nc3 Nc6 6. Ndb5 Bb4 7. Nd6+ Ke7 8. Nxc8+ Rxc8 9. Bd3 d5 10. exd5 Bxc3+ 11. bxc3 Qxd5 12. Ba3+ Ke8 13. 0-0 h5 14. Rb1 b6 15. Qe2 Nd7 16. Rfd1 Qg5 17. Bb5 h4 18. Qd3 Nde5 19. Qd6 h3 20. Bxc6+ Rxc6 21. Qb8+ 1-0

[Event "GRE-chT Online Rapid op 1st"]
[Site "Tornelo INT"]
[Date "2021.02.21"]
[Round "6.9"]
[White "Kadianis, Georgios"]
[Black "Petratos, Georgios"]
[Result "1-0"]
[WhiteElo "2061"]
[BlackElo "1520"]
[PlyCount "89"]
[EventDate "2021.02.20"]
[EventType "team-swiss (rapid)"]
[EventRounds "9"]
[EventCountry "GRE"]
[SourceTitle "EXT 2023"]
[Source "ChessBase"]
[SourceDate "2022.10.05"]
[SourceVersion "1"]
[SourceVersionDate "2022.10.05"]
[SourceQuality "1"]

1. e4 d5 2. exd5 Nf6 3. Nf3 Bg4 4. Bb5+ Nbd7 5. 0-0 Nxd5 6. d4 c6 7. Be2 e6 8. c4 N5b6 9. Qb3 Qc7 10. Bg5 Nf6 11. a4 Be7 12. a5 Nbd7 13. Nbd2 0-0 14. Bh4 Bd6 15. Bg3 Bxg3 16. hxg3 Rfd8 17. Rfd1 Rab8 18. Qe3 Nf8 19. Nb3 Ng6 20. Nc5 Nd7 21. Ne4 f5 22. Neg5 f4 23. gxf4 Nxf4 24. Bf1 h6 25. Ne4 Rf8 26. Re1 Bxf3 27. Qxf3 e5 28. dxe5 Nxe5 29. Qg3 Rbe8 30. c5 Nh5 31. Qb3+ Kh8 32. Nd6 Re7 33. Qc3 Ng4 34. Qh3 Nhf6 35. Bc4 b6 36. axb6 axb6 37. b4 bxc5 38. bxc5 Qd7 39. f3 Rxe1+ 40. Rxe1 Ne5 41. Rxe5 Qxh3 42. gxh3 Nd7 43. Re7 Rxf3 44. Kg2 Rc3 45. Rxd7 1-0

[Event "GRE-ch Online Blitz op 1st"]
[Site "Tornelo INT"]
[Date "2021.02.07"]
[Round "6"]
[White "Gkavardinas, Christos Konstantin"]
[Black "Kadianis, Georgios"]
[Result "0-1"]
[WhiteElo "1353"]
[BlackElo "1853"]
[PlyCount "58"]
[EventDate "2021.02.07"]
[EventType "swiss (blitz)"]
[EventRounds "16"]
[EventCountry "GRE"]
[SourceTitle "EXT 2023"]
[Source "ChessBase"]
[SourceDate "2022.10.05"]
[SourceVersion "1"]
[SourceVersionDate "2022.10.05"]
[SourceQuality "1"]

1. d4 Nf6 2. c4 e6 3. Nc3 Bb4 4. e3 d6 5. Bd3 0-0 6. Nf3 Qe7 7. Qc2 e5 8. dxe5 dxe5 9. e4 Bg4 10. Qe2 Nc6 11. Be3 Nd4 12. Qd1 Rad8 13. 0-0 Nxf3+ 14. gxf3 Bh3 15. Kh1 Bxc3 16. bxc3 Bxf1 17. Qxf1 Nh5 18. Bc2 Qh4 19. Qg2 Nf4 20. Bxf4 Qxf4 21. Rg1 g6 22. Bb3 c5 23. Qh3 Rd2 24. Rg4 Qf6 25. Rg2 Rfd8 26. Rg1 Rxf2 27. Qg3 Rdd2 28. h3 Qxf3+ 29. Qxf3 Rh2# 0-1

[Event "GRE-ch Online Blitz op 1st"]
[Site "Tornelo INT"]
[Date "2021.02.07"]
[Round "9"]
[White "Kadianis, Georgios"]
[Black "Spyratos, Nikolaos"]
[Result "0-1"]
[WhiteElo "1853"]
[BlackElo "1697"]
[PlyCount "100"]
[EventDate "2021.02.07"]
[EventType "swiss (blitz)"]
[EventRounds "16"]
[EventCountry "GRE"]
[SourceTitle "EXT 2023"]
[Source "ChessBase"]
[SourceDate "2022.10.05"]
[SourceVersion "1"]
[SourceVersionDate "2022.10.05"]
[SourceQuality "1"]

1. e4 e5 2. Nf3 Nc6 3. d4 exd4 4. Nxd4 Bc5 5. Nb3 Bb6 6. Nc3 Nge7 7. Qe2 0-0 8. Be3 f5 9. f3 f4 10. Bf2 d6 11. 0-0-0 Be6 12. Kb1 Ne5 13. Qd2 Kh8 14. Nd4 Bg8 15. Be2 Qe8 16. g3 Qf7 17. gxf4 Qxf4 18. Be3 Qf7 19. f4 Nc4 20. Bxc4 Qxc4 21. b3 Qb4 22. Rhg1 Nc6 23. Nf5 g6 24. Nh6 Bxe3 25. Qxe3 Qc5 26. Qh3 Rxf4 27. Nd5 Bxd5 28. exd5 Ne5 29. Qe6 Raf8 30. Rge1 Rf2 31. Rc1 R2f6 32. Qe7 Qxd5 33. Qxc7 Qc6 34. Qe7 Qd7 35. Rxe5 Qxe7 36. Rxe7 g5 37. Rce1 Rxh6 38. Rxb7 Rxh2 39. Rxa7 g4 40. Rg1 Rg8 41. Rf7 g3 42. a4 g2 43. Re7 Rh1 44. Ree1 Rxg1 45. Rxg1 h5 46. a5 h4 47. a6 h3 48. a7 h2 49. Rxg2 h1Q+ 50. Ka2 Qxg2 0-1

[Event "GRE-ch Online Blitz op 1st"]
[Site "Tornelo INT"]
[Date "2021.02.07"]
[Round "10"]
[White "Makris, Spyridon Dionysios"]
[Black "Kadianis, Georgios"]
[Result "0-1"]
[WhiteElo "1717"]
[BlackElo "1853"]
[PlyCount "80"]
[EventDate "2021.02.07"]
[EventType "swiss (blitz)"]
[EventRounds "16"]
[EventCountry "GRE"]
[SourceTitle "EXT 2023"]
[Source "ChessBase"]
[SourceDate "2022.10.05"]
[SourceVersion "1"]
[SourceVersionDate "2022.10.05"]
[SourceQuality "1"]

1. d4 Nf6 2. c4 e6 3. Nc3 Bb4 4. g3 0-0 5. Bg2 d6 6. Nf3 Nbd7 7. 0-0 Bxc3 8. bxc3 Re8 9. Qd3 e5 10. Nd2 Qe7 11. e4 c5 12. f4 b6 13. fxe5 dxe5 14. d5 Qd6 15. Nb3 Ba6 16. Bg5 h6 17. Be3 Rab8 18. a4 Nf8 19. h3 Ng6 20. Rf5 Bc8 21. Rf2 a6 22. Raf1 Bd7 23. Bxh6 gxh6 24. Rxf6 Qf8 25. Nd2 Qg7 26. Qf3 Re7 27. h4 Rf8 28. Kh2 Bxa4 29. Rxb6 Nh8 30. Rxa6 Bd7 31. Rf6 Bg4 32. Qe3 Kh7 33. Bh3 Bxh3 34. Kxh3 Rg8 35. Qf3 Ng6 36. Qf5 Kh8 37. h5 Nf4+ 38. Qxf4 exf4 39. g4 Qxg4+ 40. Kh2 Qh4# 0-1

[Event "GRE-ch Online Blitz op 1st"]
[Site "Tornelo INT"]
[Date "2021.02.07"]
[Round "8"]
[White "Tsilidis, Christos"]
[Black "Kadianis, Georgios"]
[Result "0-1"]
[WhiteElo "1329"]
[BlackElo "1853"]
[PlyCount "122"]
[EventDate "2021.02.07"]
[EventType "swiss (blitz)"]
[EventRounds "16"]
[EventCountry "GRE"]
[SourceTitle "EXT 2023"]
[Source "ChessBase"]
[SourceDate "2022.10.05"]
[SourceVersion "1"]
[SourceVersionDate "2022.10.05"]
[SourceQuality "1"]

1. d4 Nf6 2. c4 e6 3. Nf3 Bb4+ 4. Bd2 a5 5. g3 0-0 6. Bg2 d6 7. 0-0 Bxd2 8. Nbxd2 Nbd7 9. Qc2 e5 10. e3 Qe7 11. Rad1 Re8 12. Ne4 Nf8 13. Nfg5 Bf5 14. Nxf6+ Qxf6 15. Ne4 Qg6 16. d5 Nd7 17. f3 Bxe4 18. fxe4 Nc5 19. b3 Rf8 20. a3 Qg5 21. Qc3 b6 22. Rf5 Qg4 23. Qc2 g6 24. Rf3 Qxe4 25. Qf2 Qg4 26. h3 Qd7 27. g4 f5 28. Rf1 Ne4 29. Qh4 Nd2 30. gxf5 Nxf1 31. Bxf1 Rxf5 32. Qg4 Qf7 33. Bg2 Rxf3 34. Bxf3 Rf8 35. Kg2 Kg7 36. h4 h5 37. Qg3 Qf5 38. e4 Qf4 39. Qf2 g5 40. hxg5 Qxg5+ 41. Kh2 Qf4+ 42. Kg2 Kh6 43. Qe2 Qxf3+ 44. Qxf3 Rxf3 45. Kxf3 Kg5 46. b4 axb4 47. axb4 h4 48. c5 bxc5 49. bxc5 dxc5 50. Ke3 h3 51. Kd3 h2 52. Kc4 h1Q 53. Kxc5 Qxe4 54. d6 cxd6+ 55. Kxd6 Qd4+ 56. Ke7 e4 57. Kf7 e3 58. Ke7 e2 59. Kf7 e1Q 60. Kf8 Qf6+ 61. Kg8 Qe8+ 0-1

[Event "Paleochora op 13th"]
[Site "Paleochora"]
[Date "2020.07.21"]
[Round "5"]
[White "Kalogeris, Ioannis"]
[Black "Kadianis, Georgios"]
[Result "0-1"]
[WhiteElo "2312"]
[BlackElo "2049"]
[PlyCount "82"]
[EventDate "2020.07.18"]
[EventType "swiss"]
[EventRounds "9"]
[EventCountry "GRE"]
[SourceTitle "EXT 2021"]
[Source "ChessBase"]
[SourceDate "2020.10.23"]
[SourceVersion "1"]
[SourceVersionDate "2020.10.23"]
[SourceQuality "1"]

1. d4 Nf6 2. Nf3 e6 3. c4 Bb4+ 4. Nbd2 0-0 5. e3 d5 6. Qc2 b6 7. cxd5 exd5 8. Bd3 c5 9. dxc5 Bxc5 10. 0-0 Bb7 11. a3 Qe7 12. b4 Bd6 13. Nd4 Rc8 14. Qd1 g6 15. Bb2 Nbd7 16. N2f3 Ne5 17. Nxe5 Bxe5 18. f4 Bb8 19. Qe1 Ne4 20. Rf3 a5 21. b5 Bd6 22. g4 f6 23. Qh4 Nd2 24. Rh3 Qf7 25. Rd1 Nc4 26. Ba1 Be7 27. Kf2 f5 28. g5 h5 29. Nf3 Bd6 30. Bf6 d4 31. Bxd4 Bc5 32. Be2 Re8 33. Rd3 Rad8 34. a4 Qe6 35. Ne5 Nxe5 36. fxe5 Qd5 37. Rg3 Qa2 38. Rc3 Qd2 39. Bxc5 Qxc3 40. Bxb6 Rd2 41. Rg1 f4 0-1

[Event "GRE-ch U20"]
[Site "Trikala"]
[Date "2019.05.01"]
[Round "3"]
[White "Kadianis, Georgios"]
[Black "Alexakis, Dimitris"]
[Result "0-1"]
[WhiteElo "2022"]
[BlackElo "2157"]
[PlyCount "72"]
[EventDate "2019.04.30"]
[EventType "swiss"]
[EventRounds "9"]
[EventCountry "GRE"]
[SourceTitle "CBM 190 Extra"]
[Source "ChessBase"]
[SourceDate "2019.07.15"]
[SourceVersion "1"]
[SourceVersionDate "2019.07.15"]
[SourceQuality "1"]

1. e4 c5 2. Nc3 a6 3. g3 b5 4. Bg2 Bb7 5. d3 e6 6. Nh3 b4 7. Nb1 d5 8. Qe2 Nf6 9. e5 Ng8 10. f4 Ne7 11. 0-0 Nf5 12. c3 Nc6 13. Nd2 d4 14. Bxc6+ Bxc6 15. c4 h5 16. Ne4 a5 17. Kf2 h4 18. Rh1 hxg3+ 19. hxg3 Be7 20. Bd2 f6 21. exf6 gxf6 22. Nhg5 Rxh1 23. Rxh1 fxg5 24. Rh8+ Bf8 25. Nxc5 Qf6 26. Qh5+ Ke7 27. Ne4 Bxe4 28. dxe4 Ng7 29. Qf3 gxf4 30. gxf4 Rd8 31. a3 Kf7 32. axb4 Bxb4 33. e5 Qe7 34. Bxb4 axb4 35. Rh6 d3 36. Rf6+ Kg8 0-1

[Event "Heraklion op 24th"]
[Site "Heraklion"]
[Date "2018.09.09"]
[Round "8"]
[White "Dagkonaki, Aspasia"]
[Black "Kadianis, Georgios"]
[Result "0-1"]
[WhiteElo "1496"]
[BlackElo "1917"]
[PlyCount "84"]
[EventDate "2018.09.03"]
[EventType "swiss"]
[EventRounds "9"]
[EventCountry "GRE"]
[SourceTitle "CBM 186 Extra"]
[Source "ChessBase"]
[SourceDate "2018.08.24"]
[SourceVersion "1"]
[SourceVersionDate "2018.08.24"]
[SourceQuality "1"]

1. e4 e5 2. Nf3 Nc6 3. Nc3 Nf6 4. d4 exd4 5. Nxd4 Bb4 6. Nxc6 bxc6 7. Bd3 0-0 8. 0-0 d5 9. exd5 cxd5 10. Bg5 c6 11. Qf3 Bd6 12. Bxf6 Qxf6 13. Qxf6 gxf6 14. Ne2 c5 15. c3 Rb8 16. Rab1 Rb6 17. Rfd1 Be6 18. Bc2 Rfb8 19. b3 Ra6 20. Ra1 Ra3 21. f4 f5 22. Bxf5 Bxf5 23. Rxd5 Rbxb3 24. Rxd6 Rb2 25. Ng3 Bb1 26. Nh5 Kf8 27. Rd1 Bg6 28. Ng3 Bc2 29. Rd8+ Ke7 30. Rc8 Kd6 31. Rd8+ Ke7 32. Rc8 Rxc3 33. Rc7+ Kd6 34. Rxa7 Bb1 35. Rxf7 Rc1+ 36. Nf1 c4 37. a4 c3 38. Ra3 Bd3 39. h3 Bxf1 40. Rf8 Rxg2+ 41. Kh1 Rg7 42. Ra2 Bg2+ 0-1

[Event "Heraklion op 24th"]
[Site "Heraklion"]
[Date "2018.09.04"]
[Round "2"]
[White "Ergazaki, Eirini"]
[Black "Kadianis, Georgios"]
[Result "0-1"]
[WhiteElo "1450"]
[BlackElo "1917"]
[PlyCount "68"]
[EventDate "2018.09.03"]
[EventType "swiss"]
[EventRounds "9"]
[EventCountry "GRE"]
[SourceTitle "CBM 186 Extra"]
[Source "ChessBase"]
[SourceDate "2018.08.24"]
[SourceVersion "1"]
[SourceVersionDate "2018.08.24"]
[SourceQuality "1"]

1. e4 e5 2. Nf3 Nc6 3. Bc4 Bc5 4. c3 Nf6 5. d3 d6 6. Bb3 Bb6 7. h3 Ne7 8. Nbd2 c6 9. Nf1 Ng6 10. Ng3 0-0 11. 0-0 Be6 12. Bc2 d5 13. Re1 Bc7 14. Bd2 Ne8 15. Bg5 f6 16. Be3 Nd6 17. Bb3 Qd7 18. Kh2 h6 19. Ng1 f5 20. exd5 cxd5 21. Bc5 Rf7 22. Qf3 e4 23. dxe4 fxe4 24. Qd1 Nf4 25. Bc2 Raf8 26. N1e2 b6 27. Nxf4 Rxf4 28. Be3 Rh4 29. Rh1 Nc4 30. Ba4 b5 31. Bc2 Nxe3 32. fxe3 Bxg3+ 33. Kg1 Bf2+ 34. Kh2 Qd6+ 0-1

[Event "GRE-chT 46th"]
[Site "Rio Achaia"]
[Date "2018.07.11"]
[Round "3.7"]
[White "Korniotis, Filippos"]
[Black "Kadianis, Georgios"]
[Result "0-1"]
[WhiteElo "2163"]
[BlackElo "2002"]
[PlyCount "114"]
[EventDate "2018.07.10"]
[EventType "team"]
[EventRounds "7"]
[EventCountry "GRE"]
[SourceTitle "CBM 185 Extra"]
[Source "ChessBase"]
[SourceDate "2018.07.29"]
[SourceVersion "1"]
[SourceVersionDate "2018.07.29"]
[SourceQuality "1"]
[WhiteTeam "Pefkis"]
[BlackTeam "OFI"]
[WhiteTeamCountry "GRE"]
[BlackTeamCountry "GRE"]

1. d4 d5 2. c4 c6 3. cxd5 cxd5 4. Bf4 Nc6 5. e3 Nf6 6. Nc3 a6 7. Bd3 Bg4 8. Nge2 e6 9. 0-0 Be7 10. Rc1 Rc8 11. a3 0-0 12. h3 Bh5 13. Na4 Nd7 14. Bg3 Na5 15. b4 Nc4 16. Bxc4 Rxc4 17. Qd2 b5 18. Nb2 Bxe2 19. Qxe2 Rc8 20. Nd3 Nb6 21. Nc5 Bxc5 22. dxc5 Nc4 23. Rfd1 f5 24. a4 Qf6 25. Ra1 Qb2 26. Qe1 Ra8 27. h4 Qf6 28. axb5 axb5 29. h5 h6 30. Bh2 Qf7 31. Qe2 Qb7 32. f3 Rxa1 33. Rxa1 Ra8 34. Ra2 e5 35. g4 fxg4 36. fxg4 Ra4 37. e4 Rxb4 38. Qd3 Ra4 39. Rxa4 bxa4 40. exd5 Qb4 41. Kg2 Qxc5 42. Bg1 Qc8 43. Kh3 Nd6 44. Qg3 Nf7 45. Qd3 e4 46. Qd4 Qc2 47. Be3 a3 48. d6 a2 49. d7 Qd3 50. Kh4 Qxe3 51. d8Q+ Nxd8 52. Qxd8+ Kh7 53. Qa8 Qf2+ 54. Kh3 Qf1+ 55. Kh2 a1Q 56. Qxe4+ Kg8 57. Qe8+ Qf8 0-1

[Event "Hersonissos op 2nd"]
[Site "Hersonissos"]
[Date "2018.06.21"]
[Round "6"]
[White "L'Ami, Alina"]
[Black "Kadianis, Georgios"]
[Result "0-1"]
[WhiteElo "2307"]
[BlackElo "1917"]
[PlyCount "118"]
[EventDate "2018.06.17"]
[EventType "swiss"]
[EventRounds "9"]
[EventCountry "GRE"]
[SourceTitle "CBM 185 Extra"]
[Source "ChessBase"]
[SourceDate "2018.07.29"]
[SourceVersion "1"]
[SourceVersionDate "2018.07.29"]
[SourceQuality "1"]

1. d4 d5 2. c4 c6 3. Nf3 Nf6 4. Nc3 e6 5. Bg5 Nbd7 6. e3 Qa5 7. Nd2 Bb4 8. Rc1 Ne4 9. Ncxe4 dxe4 10. Bh4 Qxa2 11. Be2 Qa5 12. 0-0 Bxd2 13. Ra1 Qc7 14. Qxd2 0-0 15. Bg3 Qd8 16. Rfd1 Nf6 17. Qc2 b6 18. c5 b5 19. Bd6 Re8 20. Kh1 a5 21. f3 exf3 22. gxf3 Nd5 23. Qd2 b4 24. e4 Ne7 25. Bc4 Ba6 26. Ba2 Nc8 27. Be5 Ne7 28. Rg1 Ng6 29. Bd6 Qh4 30. Rg4 Qh3 31. Rg3 Qh4 32. Rag1 Kh8 33. Rg5 Qh6 34. Qf2 f6 35. R5g4 a4 36. Bb1 a3 37. bxa3 bxa3 38. Ba2 Ra7 39. Rb1 f5 40. Rg3 Bd3 41. Rb6 fxe4 42. f4 Nh4 43. Rh3 e3 44. Rxe3 Bf5 45. h3 Qh5 46. Kh2 Ra4 47. Rg3 Ng6 48. Qe3 Raa8 49. Rxc6 Qd1 50. Rb6 Nh4 51. Bb3 a2 52. Bxd1 a1Q 53. Be5 Ra2+ 54. Be2 Bg6 55. d5 Qd1 56. Bb2 Qxd5 57. Qc3 Ra7 58. c6 Rc7 59. Re3 Qg2# 0-1

[Event "GRE-chT 45th"]
[Site "Achaia"]
[Date "2017.07.07"]
[Round "6.9"]
[White "Kadianis, Georgios"]
[Black "Paterakis, Emmanouil"]
[Result "0-1"]
[WhiteElo "1998"]
[BlackElo "1918"]
[PlyCount "88"]
[EventDate "2017.07.03"]
[EventType "team-swiss"]
[EventRounds "7"]
[EventCountry "GRE"]
[SourceTitle "CBM 179 Extra"]
[Source "ChessBase"]
[SourceDate "2017.08.23"]
[SourceVersion "1"]
[SourceVersionDate "2017.08.23"]
[SourceQuality "1"]
[WhiteTeam "OFI"]
[BlackTeam "Orekastro Marion Thunder"]
[WhiteTeamCountry "GRE"]
[BlackTeamCountry "GRE"]

1. e4 Nf6 2. e5 Nd5 3. d4 d6 4. c4 Nb6 5. exd6 exd6 6. Bd3 Be7 7. Ne2 0-0 8. 0-0 Nc6 9. Nbc3 Bf6 10. b3 Bg4 11. f3 Bh5 12. Be3 Bg6 13. Ne4 Be7 14. N4g3 Bxd3 15. Qxd3 Re8 16. Rae1 d5 17. c5 Nd7 18. Nf5 Bf6 19. Nf4 Nf8 20. a3 Ne6 21. Ne2 Ne7 22. Nfg3 g6 23. f4 Ng7 24. Bd2 Qd7 25. b4 Nef5 26. Bc3 Re3 27. Qd2 Rae8 28. Nxf5 Nxf5 29. Ng3 Rxe1 30. Rxe1 Rxe1+ 31. Qxe1 Bxd4+ 32. Bxd4 Nxd4 33. Qc3 Nf5 34. Ne2 Qe6 35. Kf2 Qe4 36. c6 bxc6 37. Qxc6 Qe3+ 38. Kf1 d4 39. Qxc7 d3 40. Ng3 Nxg3+ 41. hxg3 Qe2+ 42. Kg1 d2 43. Qd8+ Kg7 44. Qd4+ Kh6 0-1